Capitals that can be written with Country's letters (and viceversa) - Statistics

General Stats
  • This quiz has been taken 152 times
  • The average score is 17 of 26
Answer Stats
ANSWER % Correct
Mexico
87%
Panama
86%
Guatemala
84%
Monaco
84%
Vatican City
81%
Guatemala City
80%
Mexico City
80%
San Marino
80%
Panama City
79%
Singapore
79%
Kuwait
78%
Luxembourg
78%
Andorra
77%
Andorra la Vella
70%
Djibouti
70%
Kuwait City
70%
São Tomé
59%
Tunis
59%
São Tomé and Príncipe
56%
Tunisia
55%
Guinea-Bissau
47%
Maldives
46%
Malé
46%
Bissau
44%
Kazakhstan
24%
Astana
22%
No matching quizzes found
Score Distribution
Percent of People with Each Score
Percentile by Number Answered
Your Score History
You have not taken this quiz